000 00602 a2200181 4500
003 Nust
005 20230529133535.0
040 _cNust
082 _a808.83,GER
100 _aGreene, L. Patrick.
_9112770
245 _aThe Major-Knight Errant
_cL. Patrick Greene
260 _aLondon
_bJohn Hamilton
_c1929
300 _a253 p
_billus
_c18 cm
505 _aOut Of Bondage (Page-9), His Own People (Page-43), The Hat Trick (Page-77), Zulu Pride (Page-115), The Candle Bid (Page-161), Pestle And Mortar (Page-209).
600 _aGreene, L. Patrick.
_9112770
650 _aNovel
_92525
942 _2ddc
_cBK
999 _c186858
_d186858